000 00434nam a2200169Ia 4500
003 GCL
008 140319s9999 xx 000 0 ara d
040 _aGCL /
_cGCL
082 0 4 _a810.9
_bع ن
100 1 _aعلى شلش
245 1 0 _aنجيب محفوظ : الطريق و الصدى /
_cعلى شلش
300 _a205 ص
490 _a
650 0 4 _aالادب العربى
650 0 4 _aتاريخ ونقد
942 _2ddc
_cBK
999 _c41520
_d41520